| 000 | 00788nam a22002297a 4500 | ||
|---|---|---|---|
| 003 | OSt | ||
| 005 | 20260416123311.0 | ||
| 008 | 260413b |||||||| |||| 00| 0 eng d | ||
| 037 | _cThesis | ||
| 040 |
_aFEDL _beng _cFEDL |
||
| 041 |
_aeng _heng |
||
| 082 | _a373.27 DEE/TH | ||
| 100 | _aDeepak Kumar | ||
| 110 | _aUniversity of Delhi. Department of Education | ||
| 245 |
_aEvaluation of school field trips in secondary schools of Delhi: _bA critical appraisal/ _cby Deepak Kumar; Supervised by Ananthula Ragu. |
||
| 260 |
_aUniversity of Delhi _c2025 |
||
| 300 | _axxiv, 302p. | ||
| 650 |
_aEVALUATION- SECONDARY SCHOOL _91234779 |
||
| 700 |
_aRaghu, Ananthula. Supervisor. _9818863 |
||
| 942 |
_2ddc _cTH _h373.27 DEE/TH _n0 |
||
| 999 |
_c1848263 _d1848263 |
||